| 000 | 00436nam a2200181Ia 4500 | ||
|---|---|---|---|
| 005 | 20230704105748.0 | ||
| 008 | 131103s9999 xx 000 0 und d | ||
| 040 | _aLoreto College | ||
| 041 | _aEnglish | ||
| 082 |
_aF _bBRI |
||
| 100 | _aBrickhill,Paul | ||
| 245 | 4 |
_aThe Great Escape _cPaul Brickhill |
|
| 260 |
_a[s.l.] _b[s.n.] _c[19 - ?] |
||
| 300 | _a223 p. | ||
| 650 | _aFiction in English | ||
| 850 | _aLCLIB | ||
| 942 | _cBK | ||
| 999 |
_c16438 _d66917 |
||